000 00331nam a2200133Ia 4500
008 220204s9999 xx 000 0 und d
082 _a631.4:581.5
_bKIL
100 _aKillham, Ken
245 0 _aSoil ecology
260 _aCambridge University Press
_c1994
650 _aSoil biotechnology
650 _aSoil science
942 _cBK
999 _c41199
_d41199